| 000 | 00925nam a22002177a 4500 | ||
|---|---|---|---|
| 005 | 20220702112624.0 | ||
| 008 | 220702b ||||| |||| 00| 0 eng d | ||
| 020 | _a0198529112 | ||
| 040 | _cAL | ||
| 041 | _aEnglish | ||
| 082 |
_223 _a320.557 _bRABP |
||
| 100 |
_aAngel M Rabasa _946733 |
||
| 245 | _aPolitical Islam in Southeast Asia: Moderates Radicals and Terrorists | ||
| 260 |
_aLondon _bOxford Unversity Press _c2003 |
||
| 300 |
_a82 p. _bPB _c23.5x15.5 cm. |
||
| 520 | _aProvides an overview of the evolution of political Islam in South-east Asia. Analyses the sources of relgious radicalism and assesses the regional terrorist and radical networks. Describes how secular democratic institutions can be strengthened, and how moderate and tolerant tendencies can be promoted. | ||
| 650 |
_aSoutheast Asia _946734 |
||
| 650 |
_aIslam and politics _946735 |
||
| 700 |
_aRABASA (Angel M) _946736 |
||
| 942 |
_2ddc _cGF |
||
| 999 |
_c223579 _d223579 |
||